| 000 | 00670cab a2200229 4500 | ||
|---|---|---|---|
| 001 | X1074 | ||
| 008 | 090401t1993 xxu||||| |||| 00| 0 eng d | ||
| 035 | _a(Sirsi) u14564 | ||
| 041 | _aeng | ||
| 100 | _aWood, G. | ||
| 245 | _aSurveyors and the environment | ||
| 260 | _c1993 | ||
| 350 | _a0 | ||
| 490 |
_aCSM (Chartered Surveyor Monthly) _v3(2) October 1993, 11-12(2) |
||
| 520 | _aLooks at opportunities for chartered surveyors in the environmental market. | ||
| 650 | _aENVIRONMENTAL ISSUES | ||
| 650 | _aENVIRONMENTAL MANAGEMENT | ||
| 650 | _aGREEN BUSINESS PROGRAMME | ||
| 690 | _aENVIRONMENTAL AND LAND CONSULTANCY | ||
| 942 | _n0 | ||
| 948 | _c04/03/1997 | ||
| 999 |
_c9502 _d9502 |
||